00783cam a22002411 4500001001300000003000400013005001700017008004100034010001700075035002000092040004300112042001200155050003100167100002200198245002600220260013100246300002500377440004300402504003100445650002200476651002600498999001700524sd 50000126 DLC20260227112736.0940510s1950 nyu b 000 0 eng c asd 50000126  a(OCoLC)30413122 aU.S. Dept. of State. LibrarycIENdDLC apremarc00aD410b.F65 vol. 25, no. 191 aBarnett, A. Doak.10aProfile of Red China. aNew York,bPublished by the Foreign Policy Association in cooperation with the American Institute of Pacific Relations,c1950. a[230]-243 p.c27 cm. 0aForeign policy reports,vv. 25, no. 19 aBibliographical footnotes. 0aCommunismzChina. 0aChinaxHistoryy1945- c90025d90025